000 01123cam a2200277 4500
001 L137128
008 070315s2007 xxk f 000 0 eng d
020 _a9781904829508
035 _a(Sirsi) u137128
041 0 _aeng
050 0 4 _a698.1028 $2 18
240 0 0 _aBCIS Wessex painting and decorating price book
245 0 0 _aEstimating price book
_bpainting and decorating
250 _a14th ed.
260 _aPoole
_bBCIS Wessex
_c2007
300 _aVarious pagings
_c19cm.
350 _a£29
520 _aProvides guide prices for for painting and decoration in new buildings and for redecoration in existing properties. The rates are presented in the following sections: basic rates; new internal work; new external work; wall coverings; internal redecoration; external redecoration; and composite prices.
520 _aSuperseded by 15th ed. (ISBN 9781904829690).
590 _aKA
651 4 _aUnited Kingdom
_y
690 _aBUILT ENVIRONMENT-BUILDING MAINTENANCE AND REFURBISHMENT-MAINTENANCE COSTS
700 1 _aBarnett, N.P.
710 1 _aBuilding Cost Information Service
_bWessex
942 _n0
999 _c106653
_d106653